书目信息 |
| 题名: |
岁时花艺设计指南
|
|
| 作者: | ;吴珍珍 译 ;株式会社四季出版社 编写 | |
| 分册: | 花环·圣诞树·新年花特辑 | |
| 出版信息: | 北京 化学工业出版社 2017 |
|
| 页数: | 183页 | |
| 开本: | 28cm | |
| 丛书名: | ||
| 单 册: | ||
| 中图分类: | J535.12(313) , J535.12 | |
| 科图分类: | ||
| 主题词: | 花卉装饰--装饰美术--图解 | |
| 电子资源: | ||
| ISBN: | 978-7-122-28537-9 | |
| 000 | 01152nam0 2200265 450 | |
| 001 | 2230741131 | |
| 005 | 20221001083416.81 | |
| 010 | @a978-7-122-28537-9@dCNY89.00 | |
| 100 | @a20181129d2017 em y0chiy50 ea | |
| 101 | 1 | @achi@cjpn |
| 102 | @aCN@b110000 | |
| 105 | @aa z 000yy | |
| 200 | 1 | @a岁时花艺设计指南@9sui shi hua yi she ji zhi nan@i花环·圣诞树·新年花特辑@f(日)株式会社四季出版社编@g吴珍珍译 |
| 210 | @a北京@c化学工业出版社@d2017 | |
| 215 | @a183页@d28cm | |
| 304 | @a英文共同题名:Best flower arrangement | |
| 305 | @a日本株式会社四季出版社授权出版 | |
| 330 | @a本书包含与圣诞节和新年相关的花艺设计内容,特别介绍了圣诞花环和圣诞树的大量最新案例和详细的设计要点和制作步骤讲解。另外围绕冬季花艺介绍了全球特色花店和新品发布,著名花艺师专访,应季花材的使用技法,餐桌花艺、婚礼花艺等大型花艺应用案例,著名花艺城市的游览,以及花艺师独特经验技法等内容。 | |
| 606 | 0 | @a花卉装饰@x装饰美术@j图解 |
| 690 | @aJ535.12(313)@v5 | |
| 690 | @aJ535.12@v4 | |
| 702 | 0 | @a吴珍珍@9wu zhen zhen@4译 |
| 711 | 02 | @c(日)@a株式会社四季出版社@9zhu shi hui she si ji chu ban she@4编写 |
| 801 | 0 | @aCN@b91MARC@c20181129 |
| 905 | @aZUCC@dJ535.12@e7:1 | |
| 岁时花艺设计指南.花环·圣诞树·新年花特辑/(日)株式会社四季出版社编/吴珍珍译.-北京:化学工业出版社,2017 |
| 183页;28cm |
| ISBN 978-7-122-28537-9:CNY89.00 |
| 本书包含与圣诞节和新年相关的花艺设计内容,特别介绍了圣诞花环和圣诞树的大量最新案例和详细的设计要点和制作步骤讲解。另外围绕冬季花艺介绍了全球特色花店和新品发布,著名花艺师专访,应季花材的使用技法,餐桌花艺、婚礼花艺等大型花艺应用案例,著名花艺城市的游览,以及花艺师独特经验技法等内容。 |
| ● |
| 相关链接 |
|
|
|
正题名:岁时花艺设计指南
索取号:J535.12/7:1
 
预约/预借
| 序号 | 登录号 | 条形码 | 馆藏地/架位号 | 状态 | 备注 |
| 1 | 2000909884 | 2000909884 | 第三书库/ [索取号:J535.12/7:1] | 在馆 | |
| 2 | 2000909885 | 2000909885 | 第三书库/ [索取号:J535.12/7:1] | 在馆 | |
| 3 | 2000909886 | 2000909886 | 第三书库/ [索取号:J535.12/7:1] | 在馆 |